[Event "AUTO-INT-1316"]
[Site "http://www.queenalice.com/game.php?id=591764"]
[Date "2009.5.21"]
[Round "1"]
[White "hooligan"]
[Black "gustavo6633"]
[Result "1-0"]
[WhiteElo "1415"]
[BlackElo "1337"]

1. e4 e5 2. Nf3 Nf6 3. d3 Nc6 4. c3 Bc5 5. b4 Bb6 6. Ng5 d6 7. Qb3 Be6 8. Nxe6
fxe6 9. Qxe6+ Qe7 10. Qc4 Ng4 11. Be2 h5 12. f3 Nf6 13. g4 a5 14. b5 Nd8 15. d4
exd4 16. cxd4 Ne6 17. a4 d5 18. exd5 Nxd4 19. Be3 Qc5 20. Qd3 Nc2+ 21. Kf1 Qxe3
22. Qxe3+ Bxe3 23. Ra2 Ne4 24. fxe4 Rf8+ 25. Kg2 Rf2+ 26. Kg3 Kd7 27. Rxc2 h4+
28. Kxh4 Rh8+ 29. Kg3 Rf4 30. b6 cxb6 31. Bb5+ Kd6 32. Rc3 Rh6 33. Rxe3 Ke5 34.
g5 Rhh4 35. Bd7 Kd6 36. e5+ Kxd7 37. e6+ 1-0

[Event "Challenge"]
[Site "http://www.queenalice.com/game.php?id=597159"]
[Date "2009.6.2"]
[Round "-"]
[White "gustavo6633"]
[Black "Padre_Amaro"]
[Result "1-0"]
[WhiteElo "1309"]
[BlackElo "1726"]

1. e4 e5 2. Nf3 Nc6 3. Bc4 Bc5 4. d4 d5 5. exd5 Nxd4 6. Be3 Nf6 7. Nxe5 O-O 8.
Bxd4 Bxd4 9. Qxd4 c6 10. O-O cxd5 11. Bb3 Bf5 12. Nc3 Ne4 13. Bxd5 Nxc3 14. bxc3
Bxc2 15. Bxf7+ Kh8 16. Rac1 Qxd4 17. cxd4 Rac8 18. Be6 Rc7 19. Nf7+ Rfxf7 20.
Bxf7 Rxf7 21. Rxc2 h5 22. Rc8+ Kh7 23. Rfc1 b5 24. R1c5 g6 25. g3 b4 26. f3 Rxf3
27. R5c7+ Kh6 28. Rc5 Rf5 29. Rh8+ Kg5 30. h3 Rxc5 31. dxc5 a5 32. Ra8 1-0

[Event "Challenge"]
[Site "http://www.queenalice.com/game.php?id=597766"]
[Date "2009.6.3"]
[Round "-"]
[White "SALES"]
[Black "gustavo6633"]
[Result "0-1"]
[WhiteElo "1323"]
[BlackElo "1292"]

1. e4 e5 2. Nf3 Nf6 3. Nc3 Bc5 4. d4 exd4 5. Nxd4 Bxd4 6. Qxd4 Qe7 7. Bb5 Nc6 8.
Qd1 Nxe4 9. O-O O-O 10. Nxe4 Qxe4 0-1

[Event "Challenge"]
[Site "http://www.queenalice.com/game.php?id=605101"]
[Date "2009.6.17"]
[Round "-"]
[White "gustavo6633"]
[Black "Piazzolero"]
[Result "0-1"]
[WhiteElo "1326"]
[BlackElo "1345"]

1. e4 e5 2. Nf3 d6 3. c3 Nf6 4. Qb3 Nc6 5. Bc4 Qd7 6. Bxf7+ Qxf7 7. Qxf7+ Kxf7
8. O-O Nxe4 9. d3 Nc5 10. Ng5+ Kg8 11. f4 h6 12. b4 Nxd3 13. b5 Na5 14. fxe5
dxe5 15. Rf5 Bxf5 16. Nd2 hxg5 17. Nf3 g4 18. Ng5 Bc5+ 19. Kh1 g3 20. Nf3 e4 21.
Ng1 Nf2# 0-1

[Event "AUTO-INT-1405"]
[Site "http://www.queenalice.com/game.php?id=632159"]
[Date "2009.8.7"]
[Round "1"]
[White "gustavo6633"]
[Black "Mars"]
[Result "0-1"]
[WhiteElo "1324"]
[BlackElo "1747"]

1. e4 e5 2. Qh5 Nc6 3. d3 g6 4. Qf3 Nf6 5. Bg5 Bg7 6. Nc3 Nd4 7. Qd1 c6 8. Nf3
d5 9. exd5 Nxf3+ 10. Qxf3 O-O 11. Ne2 cxd5 12. Nc3 d4 13. Ne4 Bf5 14. g4 Bxe4
15. Qg3 Bxh1 16. Qh3 Bd5 17. Bg2 Bxg2 18. Qxg2 Qb6 19. O-O-O Nd7 20. f4 exf4 21.
Bxf4 Rfe8 22. h4 Nc5 23. h5 a5 24. hxg6 fxg6 25. Qd5+ Kh8 26. Rh1 Re2 27. Qf7
Qb4 28. Bh6 Bxh6+ 29. g5 Re1+ 30. Rxe1 Qxe1# 0-1

[Event "AUTO-INT-1405"]
[Site "http://www.queenalice.com/game.php?id=632160"]
[Date "2009.8.7"]
[Round "1"]
[White "Mars"]
[Black "gustavo6633"]
[Result "0-1"]
[WhiteElo "1681"]
[BlackElo "1343"]

1. d4 d5 2. e3 e6 3. Bd2 b6 4. Nf3 Qf6 5. Bb5+ Bd7 6. Bxd7+ Nxd7 7. Bc3 Nh6 8.
Ne5 Nxe5 9. dxe5 Qf5 10. h3 Bc5 11. Bd4 O-O-O 12. Bxc5 bxc5 13. Nd2 Qxe5 14. c3
d4 15. Nf3 Qe4 16. Ng5 Qf5 17. Nf3 dxc3 18. Qxd8+ Rxd8 19. bxc3 Qc2 20. O-O Nf5
21. a4 Qxc3 22. Rfc1 Qd3 23. Ne5 Qe2 24. Nxf7 Rd2 25. Rf1 Nxe3 26. Ng5 Nxf1 27.
Rxf1 Rd1 28. Rxd1 Qxd1+ 29. Kh2 Qd2 30. Nxh7 Qxf2 31. Ng5 Qf4+ 32. g3 Qxg5 33.
h4 Qg4 34. Kg2 g5 35. hxg5 Qxg5 36. Kh3 Kd7 37. g4 Ke7 38. Kg3 Qe3+ 39. Kh4 Kf6
40. a5 Ke5 41. g5 Kf5 42. a6 Qf4+ 43. Kh3 Kxg5 44. Kg2 Kg4 45. Kg1 Kg3 46. Kh1
Qf1# 0-1

[Event "AUTO-INT-1405"]
[Site "http://www.queenalice.com/game.php?id=632161"]
[Date "2009.8.7"]
[Round "1"]
[White "gustavo6633"]
[Black "Ieie"]
[Result "0-1"]
[WhiteElo "1363"]
[BlackElo "1371"]

1. e4 e5 2. Qh5 Nc6 3. d3 d6 4. Nf3 Nf6 5. Qg5 h6 6. Qh4 Be7 7. Bg5 Nh7 8. Bxe7
Qxe7 9. Nc3 Nf6 10. O-O-O g5 11. Qg3 Nh5 12. Nd5 Qd8 13. h4 Nxg3 14. Nf6+ Qxf6
15. hxg5 Qf4+ 16. Kb1 Nxh1 17. g6 fxg6 18. a3 Nxf2 19. Re1 Be6 20. b3 Ng4 21.
Kb2 Ne3 22. Nd2 Nd4 23. a4 Nexc2 24. Kc3 Nxe1 25. a5 Nb5+ 26. Kb2 Qxd2+ 27. Ka1
Nc3 28. Be2 Qa2# 0-1

[Event "AUTO-INT-1405"]
[Site "http://www.queenalice.com/game.php?id=632162"]
[Date "2009.8.7"]
[Round "1"]
[White "Ieie"]
[Black "gustavo6633"]
[Result "1-0"]
[WhiteElo "1355"]
[BlackElo "1351"]

1. d4 d5 2. c4 dxc4 3. Nc3 Bf5 4. e4 Nc6 5. exf5 Nxd4 6. Bxc4 Qd7 7. Nge2 Nxe2
8. Qxd7+ Kxd7 9. Nxe2 Ke8 10. O-O Rd8 11. Nf4 g6 12. fxg6 hxg6 13. Nd5 g5 14.
Rd1 Bg7 15. Nxc7+ Kf8 16. Rxd8# 1-0

[Event "AUTO-INT-1405"]
[Site "http://www.queenalice.com/game.php?id=632163"]
[Date "2009.8.7"]
[Round "1"]
[White "gustavo6633"]
[Black "OliverMeewes"]
[Result "0-1"]
[WhiteElo "1326"]
[BlackElo "1649"]

1. e4 e5 2. Nf3 Nc6 3. Bb5 Nf6 4. Nc3 Bd6 5. Ng5 h6 6. Bxc6 dxc6 7. a3 hxg5 8.
g3 Bc5 9. Qf3 Ng4 10. Nd1 Rxh2 11. b4 Bf8 12. Ne3 Rxf2 13. Qxf2 Nxf2 14. Kxf2
Qf6+ 15. Nf5 Bxf5 16. exf5 Qxf5+ 17. Kg1 Qxc2 18. Kh2 Bd6 19. Kg2 O-O-O 20. Kg1
e4 21. Kh2 e3 22. Bb2 Qxb2 23. Rhe1 exd2 24. Rf1 Rh8+ 25. Kg2 d1=Q+ 26. Kg1 Qh2#
0-1

[Event "AUTO-INT-1405"]
[Site "http://www.queenalice.com/game.php?id=632164"]
[Date "2009.8.7"]
[Round "1"]
[White "OliverMeewes"]
[Black "gustavo6633"]
[Result "1-0"]
[WhiteElo "1723"]
[BlackElo "1351"]

1. e4 e5 2. Bc4 Nc6 3. d3 Qh4 4. Nf3 Qg4 5. h3 Qxg2 6. Rh2 Qg1+ 7. Nxg1 Nd4 8.
Nf3 Nf6 9. Nxe5 Bb4+ 10. Bd2 a5 11. c3 Nc2+ 12. Qxc2 d6 13. Qa4+ c6 14. Nxc6 Bc5
15. Ne5+ Bd7 16. Nxd7 Nxd7 17. Bf4 Rb8 18. Qxa5 f6 19. Qc7 g5 20. Bxd6 Ba7 21.
Nd2 Bb6 22. Bf7+ Kxf7 23. Qxd7+ Kg6 24. Qf5+ Kf7 25. e5 Bd8 26. Ne4 Rc8 27. Qxc8
h5 28. Qxb7+ Kg6 29. exf6 Bxf6 30. Nxf6 Kxf6 31. Qe7+ Kg6 32. O-O-O Rh7 33. Qe6+
Kg7 34. Re1 Rh6 35. Be5+ Kh7 36. Qf7# 1-0

[Event "AUTO-BEG-314"]
[Site "http://www.queenalice.com/game.php?id=654271"]
[Date "2009.9.18"]
[Round "2"]
[White "gustavo6633"]
[Black "H_U_G_O"]
[Result "0-1"]
[WhiteElo "1347"]
[BlackElo "1240"]

1. e4 Nf6 2. Nf3 Nxe4 3. Nc3 Nxc3 4. dxc3 e6 5. Ng5 f6 6. Qh5+ g6 7. Qg4 fxg5 8.
Bxg5 Be7 9. Bd3 Bxg5 10. Qh3 Qf6 11. O-O Nc6 12. Be2 Ne7 13. Qf3 Bf4 14. Rfe1
O-O 15. g3 Qg5 16. Qg4 Qxg4 17. Bxg4 Bd2 18. Re2 Bh6 19. h4 g5 20. Re5 Ng6 21.
Re3 gxh4 22. Rf3 Rxf3 23. Bxf3 hxg3 24. fxg3 Be3+ 25. Kg2 d6 26. Re1 Bd2 27. Re2
Bc1 28. Kh3 Bxb2 29. Kg4 Bxc3 30. Kg5 a5 31. Kh6 Bg7+ 32. Kh5 Bd7 33. Be4 Bb5
34. Rf2 Rf8 35. Rg2 Be8 36. c3 Ne5+ 37. Kh4 Nf3+ 38. Kh3 Ng5+ 0-1

[Event "AUTO-BEG-314"]
[Site "http://www.queenalice.com/game.php?id=654272"]
[Date "2009.9.18"]
[Round "2"]
[White "H_U_G_O"]
[Black "gustavo6633"]
[Result "0-1"]
[WhiteElo "1335"]
[BlackElo "1322"]

1. e3 Nf6 2. Bc4 Nc6 3. c3 e5 4. Qf3 d5 5. Bf1 d4 6. exd4 Qe7 7. Qg3 Ne4 8. Qe3
Bf5 9. Bd3 Qf6 10. Bxe4 Bxe4 11. Qxe4 Rd8 12. dxe5 Nxe5 13. d4 Bc5 14. dxe5
Qxf2# 0-1